| 000 | 00821cam a2200253 a 4500 | ||
|---|---|---|---|
| 001 | 000007494 | ||
| 005 | 20200929154205.0 | ||
| 008 | 761118m19471949sp a 001 0 spa d | ||
| 035 | _a(DLC) 57015083 | ||
| 035 | _a(OCoLC)2565725 | ||
| 040 |
_aDO-SdBNP _cScU _dOCoLC _dDLC _dBNPHU |
||
| 082 |
_a864.62 _bÓ76n |
||
| 100 | 1 |
_aOrs, Eugenio d', _d1882-1954. _gOrs y Rovira, Eugenio d' _920814 |
|
| 245 | 1 | 0 |
_aNuevo glosario / _cEugenio Ors. |
| 260 |
_aMadrid : _bM. Aguilar, _c1947. |
||
| 300 |
_a3 v. : _bil. ; _c14 cm. |
||
| 490 | 1 | _aGlosario completo | |
| 650 | 4 |
_aEnsayos españoles _93095 |
|
| 650 | 4 |
_aLiteratura española _9632 |
|
| 650 | 4 |
_aEspaña _xEnsayos, conferencias, etc. _920815 |
|
| 800 | 1 |
_aOrs, Eugenio d', _d1882-1954. _tGlosario completo. _920816 |
|
| 910 | _aCatalogación por copia / LC | ||
| 049 | _aBNGR | ||
| 999 |
_c7275 _d7275 |
||